000 00599nam a2200181Ii 4500
003 JO-AjNU
008 230606s9999||||xx |||||||||||||| ||und||
040 _aJO-AjNU
_beng
_erda
_cJO-AjNU
041 _aeng
050 1 4 _aHD5836.2014
100 3 _aMohammed bin Rashid Al Maktoum Foundation,
_eauthor
_93594
245 0 0 _aArab Knowledge Report2014 Youth and Localisation of knowledge United Arab Emirates
264 3 1 _aMohammed bin Rashid Al Maktoum Foundation,2014
300 _a151p
336 _atext
_btxt
_2rdacontent
337 _aunmediated
_bn
_2rdamedia
338 _avolume
_bnc
_2rdacarrier
999 _aE1875
_c1875
_d1875